000 00954nab a2200277 u 4500
001 15949
003 HDC
007 cr bn ---aaaaa
008 210201b201406225my ||||| |||| 00| 0 may d
040 _aHDC
100 _aMohd Sabran Md Sani,
_eauthor
_98029
245 0 _aDua lembu bertukar jadi industri besar /
_cMohd Sabran Md Sani
260 _aKuala Lumpur :
_bThe New Straits Times Press (M) Bhd.,
_c2014
300 _a1 online resource
336 _atext
_2rdacontent
337 _acomputer
_2rdamedia
338 _aonline resource
_2rdacarrier
650 _aFood industry and trade.
_9140
650 _aHalal food
_xCow
_915930
650 _aSmall business
_9208
710 _aHarian Metro,
_eissung body
856 _zRequest full-text at [email protected]
942 _2lcc
942 _cNEWS
942 _kNWSC 006476
999 _c13265
_d13265